| 000 | 01114nam a2200193Ia 4500 | ||
|---|---|---|---|
| 003 | Ost | ||
| 005 | 20260507075647.0 | ||
| 008 | 260507s9999||||xx |||||||||||||| ||und|| | ||
| 040 | _cfsecg | ||
| 041 | _aara | ||
| 082 | _a658.3022 | ||
| 100 |
_aالسيد، إسماعيل _eمؤلف |
||
| 245 | 0 |
_aبعض الطرق الكمية في مجال الأعمال / _c إسماعيل السيد |
|
| 260 |
_aالإسكندرية: _bالدار الجامعية, _c1999 |
||
| 300 |
_a466 صفحة؛ _bإيضاحات ؛ _c24 سم |
||
| 520 | _aأسلوب البرمجة الخطية- إيجاد الحل لنماذج البرمجة الخطية- وتحليل الحساسية- جدولة المشروعات بإستخدام أسلوبي تقييم ومراجعة البرامج- أساسيات تحليل القرار وإتخاذه- شجرة القرارات ونظرية المنفعة وإتخاذ القرار في ظل العوامل المتعددة- نظرية المباريات ذات المجموع الصفري. | ||
| 653 | _aإدارة الأعمال- النماذج الإحصائية | ||
| 942 | _cكتاب | ||
| 999 |
_c45515 _d45515 |
||